LEADER 01820nam a2200373 a 4500 001 000000127619 003 CaOOAMICUS 005 20120214143618.0 008 120214s2011 it bad u000 u ita r 040 $aPUL$bita 082 04$a909 245 03$aLa Cina /$ca cura di Maurizio Scarpari. 260 $aMilano :$bMondadori,$c©2011. 300 $av. :$bc. geogr., grafici, ill. ;$c18 cm 490 1 $aI classici della storia ;$v66, 71 504 $aInclude riferimenti bibliografici ed indice. 505 1 $aV. 2. L'età imperiale dai tre Regni ai Qing / a cura di Mario Sabattini e Maurizio Scarpari. -- v. 3. Verso la modernità / a cura di Guido Samarani e Maurizio Scarpari. 651 4$aCina$xStoria.$0(OLS)http://pul/subject/19204 700 1 $aScarpari, Maurizio.$0(OLS)http://pul/name/81442 700 1 $aSabattini, Mario.$0(OLS)http://pul/name/79630 700 1 $aSamarani, Guido.$0(OLS)http://pul/name/81443 740 22$aL'età imperiale dai tre Regni ai Qing. 740 02$aVerso la modernità. 830 0$aClassici della storia ;$v66, 71.$0(OLS)http://pul/title/155349 850 $aPUL 852 $aPUL$W1$xSL Cons. Gen., Altre Classi 3$y75$m909 COLL 3.66$j147681$av. 2$qDDC 21$B146286$CPULBib$Z2$F146286 $H118557 $82 852 $aPUL$W1$xSL Cons. Gen., Altre Classi 3$y75$m909 COLL 3.71$j147682$av. 3$qDDC 21$B146287$CPULBib$Z2$F146287 $H119131 $82 941 1 $a9 996 $6082$a909$9(OLS)http://pul/classification/566 996 $6740$aVerso la modernità$9(OLS)http://pul/title/161279 996 $6245$aLa Cina$9(OLS)http://pul/title/161276 996 $6740$aL'età imperiale dai tre Regni ai Qing$9(OLS)http://pul/title/161278 996 $6260$aMilano :$bMondadori$9(OLS)http://pul/publisher/50297 LEADER 01340nam a2200313 a 4500 001 000000140871 003 CaOOAMICUS 005 20141211141530.0 008 141211s2014 nyu u000 u eng r 020 $a978-0-300-19033-5 040 $aPUL$bita 041 1 $aeng$hheb 130 0 $aBiblia.$pV.T.$pIudicum.$pInglese.$0(OLS)http://pul/title/41685 245 10$aJudges 1-12 :$ba new translation with introduction and commentary /$cJack M. Sasson. 260 $aNew Haven and London :$bYale University press,$c©2014. 300 $axx, 593 p. ;$c24 cm 490 1 $aAnchor Yale Bible ;$v6D 500 $aInclude indice. 504 $aInclude bibliografia. 630 04$aBiblia.$pV.T.$pIudicum$xCommenti.$0(OLS)http://pul/subject/15304 700 1 $aSasson, Jack Murad.$0(OLS)http://pul/name/35638 830 0$aAnchor Yale Bible ;$v6D.$0(OLS)http://pul/title/155114 850 $aPUL 852 $aPUL$W1$xSL Religione 1$y3$m1(6) G 6D$j162642$qStampati$B162260$CPULBib$Z2$F162260 $H125123 $82 941 1 $a8 996 $6020$a978-0-300-19033-5$9(OLS)http://pul/number/156499 996 $6245$aJudges 1-12 :$ba new translation with introduction and commentary$9(OLS)http://pul/title/178237 996 $6260$aNew Haven and London :$bYale University press$9(OLS)http://pul/publisher/75529